000 004250000a22001810004500
003 MACL
005 20160131123055.0
008 160131b xxu||||| |||| 00| 0 eng d
040 _aMACL
_cmacl
041 _aEnglish
082 _a900
100 _aNCERT
_94590
245 _aSocial Science Our Pasts 2
_bClass VII
260 _bNCERT
_c2010
_aNew Delhi
350 _a30
650 _aHistory
_936317
942 _cBK
_k900
_2ddc
999 _c45626
_d45626